Elenca la formazione - Quiz n°319 - Statistics

Statistiche generali
  • Questo quiz è stato fatto 48 volte
  • Il punteggio medio è 6 su 11
Statistiche sulle risposte
Ruolo Club dell'epoca Calciatore % Corretto
Attaccante Liverpool Darwin Núñez
100%
Centrocampista Real Madrid Federico Valverde
98%
Difensore Atletico Madrid José María Giménez
93%
Difensore Napoli Mathías Olivera
79%
Centrocampista Tottenham Rodrigo Bentancur
79%
Attaccante Nacional Luis Suárez
72%
Difensore Sporting Lisbona Sebastián Coates
47%
Centrocampista Flamengo Giorgian de Arrascaeta
26%
Centrocampista Manchester United Facundo Pellistri
21%
Difensore Flamengo Guillermo Varela
5%
Portiere Nacional Sergio Rochet
5%
Nessun quiz corrispondente trovato
Distribuzione punteggi
Percentuale di utenti per punteggio
Percentile per numero di risposta
I tuoi punteggi nel tempo
Non hai fatto questo quiz